Welcome to CU Library Online Public Access Catalogue (OPAC)

Plumer's principles & practice of intravenous therapy / (Record no. 631)

MARC details
000 -LEADER
fixed length control field 01150cam a22003254a 4500
001 - CONTROL NUMBER
control field 14229277
005 - DATE AND TIME OF LATEST TRANSACTION
control field 20241105124531.0
008 - FIXED-LENGTH DATA ELEMENTS--GENERAL INFORMATION
fixed length control field 060111s2007 paua b 001 0 eng
020 ## - INTERNATIONAL STANDARD BOOK NUMBER
International Standard Book Number 0781759447
020 ## - INTERNATIONAL STANDARD BOOK NUMBER
International Standard Book Number 9780781759441
050 00 - LIBRARY OF CONGRESS CALL NUMBER
Classification number RM170
Item number .P57 2007
082 00 - DEWEY DECIMAL CLASSIFICATION NUMBER
Classification number 615/.6
Edition information 22
100 1# - MAIN ENTRY--PERSONAL NAME
Personal name Weinstein, Sharon.
245 10 - TITLE STATEMENT
Title Plumer's principles & practice of intravenous therapy /
Statement of responsibility, etc. Sharon M. Weinstein.
250 ## - EDITION STATEMENT
Edition statement 8th ed.
260 ## - PUBLICATION, DISTRIBUTION, ETC.
Place of publication, distribution, etc. Philadelphia :
Name of publisher, distributor, etc. Lippincott Williams & Wilkins,
Date of publication, distribution, etc. c2007.
300 ## - PHYSICAL DESCRIPTION
Extent xvii, 753 p. :
Other physical details ill. ;
Dimensions 24 cm. +
Accompanying material 1 CD-ROM (4 3/4 in.)
500 ## - GENERAL NOTE
General note includes Glossary
650 #0 - SUBJECT ADDED ENTRY--TOPICAL TERM
Topical term or geographic name entry element Intravenous therapy.
650 12 - SUBJECT ADDED ENTRY--TOPICAL TERM
Topical term or geographic name entry element Infusions, Intravenous
General subdivision methods.
650 12 - SUBJECT ADDED ENTRY--TOPICAL TERM
Topical term or geographic name entry element Infusions, Intravenous
General subdivision nursing.
650 22 - SUBJECT ADDED ENTRY--TOPICAL TERM
Topical term or geographic name entry element Evidence-Based Medicine.
650 22 - SUBJECT ADDED ENTRY--TOPICAL TERM
Topical term or geographic name entry element Fluid Therapy
General subdivision methods.
650 22 - SUBJECT ADDED ENTRY--TOPICAL TERM
Topical term or geographic name entry element Nurse's Role.
650 22 - SUBJECT ADDED ENTRY--TOPICAL TERM
Topical term or geographic name entry element Parenteral Nutrition
General subdivision methods.
700 1# - ADDED ENTRY--PERSONAL NAME
Personal name Plumer, Ada Lawrence.
856 41 - ELECTRONIC LOCATION AND ACCESS
Materials specified Table of contents
Uniform Resource Identifier <a href="http://www.loc.gov/catdir/toc/ecip066/2006000877.html">http://www.loc.gov/catdir/toc/ecip066/2006000877.html</a>
856 42 - ELECTRONIC LOCATION AND ACCESS
Materials specified Publisher description
Uniform Resource Identifier <a href="http://www.loc.gov/catdir/enhancements/fy0712/2006000877-d.html">http://www.loc.gov/catdir/enhancements/fy0712/2006000877-d.html</a>
942 ## - ADDED ENTRY ELEMENTS (KOHA)
Source of classification or shelving scheme Library of Congress Classification
Koha item type Books
Suppress in OPAC No
999 ## -
-- 631
-- 631
Holdings
Withdrawn status Lost status Source of classification or shelving scheme Damaged status Not for loan Collection Home library Current library Shelving location Date acquired Total checkouts Full call number Barcode Date last seen Copy number Price effective from Koha item type
    Library of Congress Classification     Non-fiction Science Library (Miotso) Science Library (Miotso) General stacks 02/25/2025   RM170.P57 WEI SLM00004007 02/25/2025 1 02/25/2025 Books
    Library of Congress Classification     Non-fiction Science Library (Miotso) Science Library (Miotso) General stacks 02/25/2025   RM170.P57 WEI SLM00004008 02/25/2025 2 02/25/2025 Books
    Library of Congress Classification     Non-fiction Science Library (Miotso) Science Library (Miotso) General stacks 02/25/2025   RM170.P57 WEI SLM00004009 02/25/2025 3 02/25/2025 Books
    Library of Congress Classification     Non-fiction Science Library (Miotso) Science Library (Miotso) General stacks 02/25/2025   RM170.P57 WEI SLM00004010 02/25/2025 4 02/25/2025 Books
    Library of Congress Classification     Non-fiction Science Library (Miotso) Science Library (Miotso) General stacks 02/25/2025   RM170.P57 WEI SLM00004011 02/25/2025 5 02/25/2025 Books
    Library of Congress Classification     Non-fiction Science Library (Miotso) Science Library (Miotso) General stacks 02/25/2025   RM170.P57 WEI SLM00004012 02/25/2025 6 02/25/2025 Books
    Library of Congress Classification     Non-fiction Science Library (Miotso) Science Library (Miotso) General stacks 02/25/2025   RM170.P57 WEI SLM00004013 02/25/2025 7 02/25/2025 Books
    Library of Congress Classification     Non-fiction Science Library (Miotso) Science Library (Miotso) Reference 12/15/2025   RM170.P57 WEI SLM00006628 12/15/2025 8 12/15/2025 Books
    Library of Congress Classification     Non-fiction Undergraduate Library (Christ Temple) Undergraduate Library (Christ Temple) General stacks 11/05/2024   RM170.P57 WEI ULCT00000158 11/05/2024 1 11/05/2024 Books
© 2023-2024 Copyright: Central University Libraries. All Rights Reserved | Created by: Mahone Tech Office